000 00464nam a22001697a 4500
003 OSt
005 20230815104022.0
008 230815b |||||||| |||| 00| 0 eng d
040 _cIfm Library
082 _a361.61
100 _aDrolet, Julie L.
245 _aSocial Protection and Social Development: International Initiatives
260 _aLondon:
_bSpringer,
_c2014.
300 _ax, 163p.:
_bill.; 23cm
500 _aInclude References
942 _2ddc
_cBK
_n0
999 _c21857
_d21857